[Event "Contrecoeur-C"]
[Site "Contrecoeur"]
[Date "2018.11.04"]
[Round "4.4"]
[White "Moreau, Michel"]
[Black "Straehl, Patrick"]
[Result "1/2-1/2"]
[WhiteElo "1419"]
[BlackElo "1439"]
[PlyCount "73"]
[EventDate "2018.11.02"]
[EventType "swiss"]
[EventRounds "5"]
[EventCountry "CAN"]
[SourceTitle "EXT 2022"]
[Source "ChessBase"]
[SourceDate "2021.10.06"]
[SourceVersion "1"]
[SourceVersionDate "2021.10.06"]
[SourceQuality "1"]

1. d4 Nf6 2. Bf4 d5 3. e3 e6 4. Nd2 Bd6 5. Bg3 c6 6. c3 0-0 7. Bd3 Qc7 8. Ngf3 Nbd7 9. Qb1 Re8 10. 0-0 Bxg3 11. hxg3 e5 12. dxe5 Nxe5 13. Nxe5 Qxe5 14. Nf3 Qh5 15. Be2 Bg4 16. Qd1 c5 17. Re1 Bxf3 18. gxf3 Re6 19. Kg2 Qe5 20. Rc1 Rd8 21. Rc2 Red6 22. Rd2 g5 23. Qc2 Kg7 24. Rh1 Rh8 25. Rdd1 h5 26. Rh2 g4 27. fxg4 Nxg4 28. Bxg4 hxg4 29. Rxh8 Kxh8 30. Rh1+ Kg8 31. Qh7+ Kf8 32. Qh8+ Qxh8 33. Rxh8+ Ke7 34. Rg8 d4 35. cxd4 cxd4 36. exd4 Rxd4 37. Rc8 1/2-1/2

[Event "Contrecoeur-C"]
[Site "Contrecoeur"]
[Date "2018.11.04"]
[Round "5.2"]
[White "Straehl, Patrick"]
[Black "Sonn, Eric"]
[Result "0-1"]
[WhiteElo "1439"]
[BlackElo "1479"]
[PlyCount "56"]
[EventDate "2018.11.02"]
[EventType "swiss"]
[EventRounds "5"]
[EventCountry "CAN"]
[SourceTitle "EXT 2022"]
[Source "ChessBase"]
[SourceDate "2021.10.06"]
[SourceVersion "1"]
[SourceVersionDate "2021.10.06"]
[SourceQuality "1"]

1. d4 Nf6 2. c4 g6 3. e3 Bg7 4. Nf3 c5 5. g3 0-0 6. Bg2 d5 7. cxd5 Nxd5 8. 0-0 cxd4 9. exd4 Bf5 10. a3 Nd7 11. Re1 Rc8 12. b3 Bxb1 13. Rxb1 Nc3 14. Qd3 Nxb1 15. Qxb1 e6 16. Bf4 Qa5 17. a4 Nf6 18. Ne5 Nd5 19. Bxd5 Qxd5 20. Qd3 Rfd8 21. Re4 f5 22. Re1 Qxd4 23. Qxd4 Rxd4 24. h4 Re4 25. Rxe4 fxe4 26. Nc4 Rd8 27. Nd6 e5 28. Nxb7 Rd1+ 0-1

[Event "Contrecoeur-C"]
[Site "Contrecoeur"]
[Date "2018.11.03"]
[Round "2.6"]
[White "Cormier, Benoit"]
[Black "Straehl, Patrick"]
[Result "0-1"]
[WhiteElo "1272"]
[BlackElo "1439"]
[PlyCount "90"]
[EventDate "2018.11.02"]
[EventType "swiss"]
[EventRounds "5"]
[EventCountry "CAN"]
[SourceTitle "EXT 2022"]
[Source "ChessBase"]
[SourceDate "2021.10.06"]
[SourceVersion "1"]
[SourceVersionDate "2021.10.06"]
[SourceQuality "1"]

1. e4 c5 2. Nf3 d6 3. d4 cxd4 4. Nxd4 Nf6 5. Nc3 a6 6. Bg5 e6 7. Bd3 Be7 8. 0-0 Nbd7 9. h3 0-0 10. Be3 Qc7 11. Nde2 b5 12. a3 Bb7 13. Qd2 Nc5 14. f3 Rfd8 15. b4 Nxd3 16. cxd3 d5 17. Rac1 dxe4 18. Nxe4 Qd7 19. Rfd1 Nxe4 20. fxe4 Bxe4 21. dxe4 Qb7 22. Qc2 Rxd1+ 23. Rxd1 Rc8 24. Qd3 h6 25. Rc1 Rd8 26. Qc2 Bf6 27. Qc6 Qxc6 28. Rxc6 Rd3 29. Kf2 Rxa3 30. Rc5 Kf8 31. Rc8+ Ke7 32. Bc5+ Kd7 33. Rf8 Ra2 34. Rxf7+ Kc6 35. g3 a5 36. Ra7 a4 37. Ra6+ Kd7 38. Rd6+ Kc7 39. Rb6 a3 40. Rxb5 Rc2 41. Kf3 a2 42. Bd4 Bxd4 43. Nxd4 Rc3+ 44. Kf4 a1Q 45. Nxe6+ Kd7 0-1

[Event "Contrecoeur-C"]
[Site "Contrecoeur"]
[Date "2018.11.03"]
[Round "3.3"]
[White "Straehl, Patrick"]
[Black "Otis, Normand"]
[Result "1/2-1/2"]
[WhiteElo "1439"]
[BlackElo "1339"]
[PlyCount "49"]
[EventDate "2018.11.02"]
[EventType "swiss"]
[EventRounds "5"]
[EventCountry "CAN"]
[SourceTitle "EXT 2022"]
[Source "ChessBase"]
[SourceDate "2021.10.06"]
[SourceVersion "1"]
[SourceVersionDate "2021.10.06"]
[SourceQuality "1"]

1. d4 Nf6 2. c4 g6 3. Nf3 Bg7 4. e3 0-0 5. Nc3 d6 6. Bd3 Nc6 7. a3 Nd7 8. 0-0 e5 9. d5 Ne7 10. e4 f5 11. exf5 Nxf5 12. Qc2 Nc5 13. Ne4 Nxd3 14. Qxd3 h6 15. b4 Nh4 16. Nxh4 Qxh4 17. Bb2 Bf5 18. Rae1 Rf7 19. Qe3 Bxe4 20. Qxe4 Qxe4 21. Rxe4 Raf8 22. a4 Rf4 23. Rxf4 Rxf4 24. Rc1 b6 25. Ba3 1/2-1/2

[Event "Sherbrooke op-C"]
[Site "Sherbrooke"]
[Date "2008.05.24"]
[Round "2"]
[White "Pelosse, Jacques"]
[Black "Straehl, Patrick"]
[Result "0-1"]
[WhiteElo "1225"]
[BlackElo "1368"]
[PlyCount "138"]
[EventDate "2008.05.23"]
[EventType "swiss"]
[EventRounds "5"]
[EventCountry "CAN"]
[SourceTitle "EXT 2011"]
[Source "ChessBase"]
[SourceDate "2010.11.26"]
[SourceVersion "1"]
[SourceVersionDate "2010.11.26"]
[SourceQuality "1"]

1. d4 Nf6 2. Nc3 g6 3. e4 d6 4. h3 Bg7 5. Be3 0-0 6. Qd2 Nbd7 7. f4 e5 8. dxe5 dxe5 9. f5 a6 10. g4 b6 11. 0-0-0 Bb7 12. Bd3 Nc5 13. Bxc5 bxc5 14. Qe2 Qe7 15. Nf3 Rfd8 16. Bc4 Rd6 17. Rhe1 Rad8 18. fxg6 hxg6 19. Rxd6 Rxd6 20. Rd1 Rxd1+ 21. Kxd1 Qd6+ 22. Kc1 Bc8 23. Qd1 Qc6 24. Ng5 Be6 25. Nxe6 fxe6 26. Qd8+ Kh7 27. Qd3 Bh6+ 28. Kb1 a5 29. Qe2 Qd7 30. Bd3 c6 31. Qf3 c4 32. Bxc4 Nxe4 33. Qe2 Qd2 34. Qf1 Nxc3+ 35. bxc3 Qd7 36. Qd3 Qb7+ 37. Ka1 Bc1 38. Bb3 a4 39. Qd1 Ba3 40. Qe1 axb3 41. cxb3 Bd6 42. Qh4+ Kg7 43. g5 Qf7 44. Qe1 Qf4 45. h4 Ba3 46. Qd1 Qc1+ 47. Qxc1 Bxc1 48. Kb1 Bf4 49. a4 Bg3 50. a5 Bxh4 51. a6 Bf2 52. b4 Ba7 53. c4 e4 54. c5 Kf7 55. Kc2 e5 56. Kd2 Ke6 57. Ke2 Kd5 58. Ke3 Kc4 59. Kxe4 Kxb4 60. Kxe5 Kxc5 61. Kf6 Kb6 62. Kxg6 Kxa6 63. Kf5 Bd4 64. Ke4 c5 65. Kd3 Kb5 66. g6 Kb4 67. Kc2 c4 68. Kb1 Kb3 69. Kc1 c3 0-1

[Event "Sherbrooke op-C"]
[Site "Sherbrooke"]
[Date "2008.05.23"]
[Round "1"]
[White "Straehl, Patrick"]
[Black "St Vincent Gagne, Felix"]
[Result "1/2-1/2"]
[WhiteElo "1368"]
[BlackElo "1191"]
[PlyCount "102"]
[EventDate "2008.05.23"]
[EventType "swiss"]
[EventRounds "5"]
[EventCountry "CAN"]
[SourceTitle "EXT 2011"]
[Source "ChessBase"]
[SourceDate "2010.11.26"]
[SourceVersion "1"]
[SourceVersionDate "2010.11.26"]
[SourceQuality "1"]

1. d4 d5 2. c4 c6 3. Nc3 e6 4. e3 Nf6 5. Nf3 Bd6 6. Bd3 0-0 7. c5 Bc7 8. 0-0 Nbd7 9. Bd2 Re8 10. b4 a6 11. Re1 e5 12. e4 exd4 13. Nxd4 Be5 14. Nf3 Bxc3 15. Bxc3 dxe4 16. Bc4 exf3 17. Qb3 Nd5 18. Red1 N7f6 19. gxf3 Be6 20. Kh1 Qe7 21. Be5 Rad8 22. Rg1 Rd7 23. Qb2 Kh8 24. Rg3 Rdd8 25. Rag1 Rg8 26. h4 Nc7 27. Bd6 Qd7 28. Bd3 Nb5 29. Be5 Qe7 30. Be4 Bd5 31. Bxd5 cxd5 32. h5 h6 33. f4 Nc7 34. f5 Nb5 35. f4 Nc7 36. Bxc7 Qxc7 37. Rxg7 Qe7 38. Qg2 Qe4 39. Qxe4 dxe4 40. Rxf7 Rxg1+ 41. Kxg1 Nxh5 42. Rxb7 Nxf4 43. c6 Rc8 44. c7 Kg7 45. Kf2 Nd5 46. b5 axb5 47. Rxb5 Nxc7 48. Rc5 Kf6 49. Ke3 Kg5 50. Kxe4 Re8+ 51. Kf3 Na6 1/2-1/2

[Event "Sherbrooke Hivernal op"]
[Site "Sherbrooke"]
[Date "2008.03.14"]
[Round "1"]
[White "Allard dos Santos, Alexandre"]
[Black "Straehl, Patrick"]
[Result "1-0"]
[WhiteElo "1070"]
[BlackElo "1422"]
[PlyCount "115"]
[EventDate "2008.03.14"]
[EventType "swiss"]
[EventRounds "5"]
[EventCountry "CAN"]
[SourceTitle "EXT 2011"]
[Source "ChessBase"]
[SourceDate "2010.11.26"]
[SourceVersion "1"]
[SourceVersionDate "2010.11.26"]
[SourceQuality "1"]

1. e4 c5 2. Nf3 Nc6 3. d4 cxd4 4. Nxd4 Nf6 5. Nxc6 bxc6 6. e5 Qa5+ 7. Bd2 Qxe5+ 8. Qe2 Qxb2 9. Bc3 Qb6 10. g3 e6 11. Nd2 d5 12. Rb1 Qd8 13. Bg2 Bc5 14. Nc4 0-0 15. Ba5 Qe7 16. Ne5 Bd7 17. Nd3 Rab8 18. 0-0 Rb5 19. Rxb5 cxb5 20. Rb1 a6 21. Nxc5 Qxc5 22. Bb4 Qc4 23. Qxc4 bxc4 24. Bxf8 Kxf8 25. c3 a5 26. Bf3 Ke7 27. Rb7 Kd6 28. Ra7 a4 29. Bd1 Ne4 30. Bxa4 Bxa4 31. Rxa4 Nxc3 32. Ra7 d4 33. Kf1 Kc5 34. Ke1 Kb4 35. f3 d3 36. Kd2 Kc5 37. Kxc3 f5 38. a4 e5 39. Rb7 e4 40. fxe4 fxe4 41. Re7 d2 42. Kxd2 Kb4 43. Rxe4 Kxa4 44. Rxc4+ Kb5 45. Rc1 g5 46. h4 gxh4 47. gxh4 h5 48. Kd3 Kb4 49. Kd4 Kb5 50. Kd5 Kb4 51. Rc8 Kb3 52. Kd4 Kb4 53. Rb8+ Ka5 54. Kc5 Ka6 55. Rb1 Ka7 56. Kc6 Ka8 57. Kc7 Ka7 58. Ra1# 1-0